[Event "4NCL Division 2a"]
[Site "Northampton, ENG"]
[Date "2017.02.12"]
[Round "6.11"]
[White "Cumming, Rhys"]
[Black "Brett, Andrew R"]
[Result "1/2-1/2"]
[WhiteElo "2165"]
[BlackElo "2119"]
[PlyCount "75"]
[EventDate "2017.02.12"]
[WhiteTeam "Sussex Martlets 1"]
[BlackTeam "Barbican 4NCL Youth"]

1. d4 Nf6 2. c4 e6 3. Nc3 Bb4 4. Qc2 b6 5. e4 c5 6. d5 Qe7 7. Be2 exd5 8. exd5
O-O 9. Nf3 Re8 10. O-O Bxc3 11. Qxc3 Ne4 12. Qc2 d6 13. Bd3 Na6 14. Re1 f5 15.
a3 Qf8 16. Ng5 Nxg5 17. Bxg5 Bd7 18. Bd2 Nc7 19. Bc3 Rxe1+ 20. Rxe1 Re8 21. Re2
Rxe2 22. Qxe2 a5 23. Qd1 Qf7 24. Bc2 Qe8 25. Kf1 Qe7 26. Qe2 Qxe2+ 27. Kxe2 Kf7
28. Bd2 Ne8 29. h4 Nf6 30. f3 h6 31. Bf4 Ke7 32. Kd2 Nh5 33. Bh2 g5 34. hxg5
hxg5 35. Kc3 Nf6 36. b4 axb4+ 37. axb4 f4 38. b5 1/2-1/2

[Event "4NCL Division 2a"]
[Site "Northampton, ENG"]
[Date "2017.02.12"]
[Round "6.12"]
[White "Whatley, Stephen A J"]
[Black "Therrien, Alex L"]
[Result "1-0"]
[WhiteElo "2115"]
[BlackElo "2229"]
[PlyCount "97"]
[EventDate "2017.02.12"]
[WhiteTeam "Barbican 4NCL Youth"]
[BlackTeam "Sussex Martlets 1"]

1. e4 c6 2. d4 d5 3. e5 c5 4. dxc5 e6 5. a3 a5 6. Nf3 Bxc5 7. Bd3 Ne7 8. O-O
Ng6 9. c3 Nc6 10. Re1 O-O 11. Nbd2 Qb6 12. Rf1 Ngxe5 13. Bxh7+ Kxh7 14. Nxe5
Nxe5 15. Qh5+ Kg8 16. Qxe5 f6 17. Qh5 e5 18. Nf3 Qe6 19. Be3 Be7 20. Nh4 Qg4
21. Qxg4 Bxg4 22. Ng6 Rfe8 23. Nxe7+ Rxe7 24. f3 Be6 25. Rad1 Rc7 26. f4 Rc4
27. Rfe1 exf4 28. Bxf4 Bg4 29. Rd4 Rxd4 30. cxd4 Rc8 31. Rc1 Re8 32. Rc7 Re1+
33. Kf2 Re2+ 34. Kg3 Bf5 35. Rxb7 Be4 36. b4 Rxg2+ 37. Kh3 Ra2 38. b5 Rxa3+ 39.
Kg4 Rb3 40. b6 a4 41. Bc7 Kh7 42. h4 Kg6 43. h5+ Kf7 44. Ra7 Bf3+ 45. Kh4 Bxh5
46. Kxh5 g6+ 47. Kg4 g5 48. Kf5 Rf3+ 49. Bf4+ 1-0

[Event "4NCL Division 2a"]
[Site "Northampton, ENG"]
[Date "2017.02.12"]
[Round "6.13"]
[White "Graham, David B"]
[Black "Klingher, Dominic"]
[Result "1-0"]
[WhiteElo "2184"]
[BlackElo "2054"]
[PlyCount "59"]
[EventDate "2017.02.12"]
[WhiteTeam "Sussex Martlets 1"]
[BlackTeam "Barbican 4NCL Youth"]

1. e4 d6 2. Nc3 Nf6 3. d4 Nbd7 4. Be2 e5 5. Nf3 Be7 6. O-O h6 7. a4 c6 8. a5 a6
9. Bc4 Qc7 10. Qe2 Nf8 11. Be3 g5 12. Na4 g4 13. Nd2 Qxa5 14. f4 gxf3 15. Nxf3
Bg4 16. dxe5 Bxf3 17. Qxf3 Qxe5 18. Nb6 Rd8 19. c3 N8h7 20. Bd4 Qg5 21. Rae1
Qh4 22. e5 dxe5 23. Rxe5 Rxd4 24. cxd4 Qxd4+ 25. Qe3 Qxe3+ 26. Rxe3 Kd8 27.
Rd1+ Kc7 28. Na8+ Rxa8 29. Rxe7+ Kb6 30. Rxf7 1-0

[Event "4NCL Division 2a"]
[Site "Northampton, ENG"]
[Date "2017.02.12"]
[Round "6.14"]
[White "Crocker, Philip J"]
[Black "Grant, David J"]
[Result "1-0"]
[WhiteElo "2092"]
[BlackElo "2091"]
[PlyCount "67"]
[EventDate "2017.02.12"]
[WhiteTeam "Barbican 4NCL Youth"]
[BlackTeam "Sussex Martlets 1"]

1. c4 c5 2. g3 Nc6 3. Bg2 g6 4. Nc3 Bg7 5. Nf3 d6 6. O-O Nf6 7. d4 O-O 8. dxc5
dxc5 9. Be3 Be6 10. Qa4 Nd4 11. Rad1 Ng4 12. Bxd4 cxd4 13. Nd5 Bd7 14. Qb4 e6
15. Nf4 Bc6 16. h3 Nh6 17. Nxd4 Bxd4 18. e3 Qb6 19. Qxb6 Bxb6 20. Bxc6 bxc6 21.
b4 Rfd8 22. c5 Bc7 23. Ne2 f5 24. Nd4 Rxd4 25. Rxd4 a5 26. Rd7 Be5 27. bxa5
Rxa5 28. Rb1 Kf8 29. f4 Ke8 30. Rxh7 Nf7 31. fxe5 Rb5 32. Rxb5 cxb5 33. c6 Nxe5
34. c7 1-0

[Event "4NCL Division 2a"]
[Site "Northampton, ENG"]
[Date "2017.02.12"]
[Round "6.15"]
[White "Willson, Ollie"]
[Black "Hodgson, John H"]
[Result "1/2-1/2"]
[WhiteElo "2039"]
[BlackElo "2118"]
[PlyCount "36"]
[EventDate "2017.02.12"]
[WhiteTeam "Sussex Martlets 1"]
[BlackTeam "Barbican 4NCL Youth"]

1. d4 Nf6 2. c4 g6 3. Nc3 d5 4. Bf4 Bg7 5. e3 c5 6. dxc5 Qa5 7. Rc1 dxc4 8.
Bxc4 O-O 9. Nf3 Qxc5 10. Qb3 Nc6 11. Nb5 Be6 12. Nfd4 Nxd4 13. exd4 Bxc4 14.
Rxc4 Qf5 15. Be3 Rac8 16. O-O Rxc4 17. Qxc4 Rc8 18. Qb3 a6 1/2-1/2

[Event "4NCL Division 2a"]
[Site "Northampton, ENG"]
[Date "2017.02.12"]
[Round "6.16"]
[White "Hughes, Roy"]
[Black "Tebbs, Howard L"]
[Result "1-0"]
[WhiteElo "2013"]
[BlackElo "2094"]
[PlyCount "57"]
[EventDate "2017.02.12"]
[WhiteTeam "Barbican 4NCL Youth"]
[BlackTeam "Sussex Martlets 1"]

1. d4 d5 2. Bf4 Nf6 3. e3 c5 4. Nc3 a6 5. dxc5 Nc6 6. Nf3 Bg4 7. Be2 Qa5 8. h3
Bh5 9. O-O Qxc5 10. Na4 Qa5 11. c3 b5 12. Nc5 Qb6 13. Nd3 e6 14. a4 b4 15. a5
Qb7 16. Qa4 Nd7 17. Rfc1 b3 18. c4 Rc8 19. cxd5 exd5 20. Rc3 Na7 21. Rxc8+ Nxc8
22. Nde5 Bd6 23. Bxa6 Qc7 24. Nxd7 Ke7 25. Nde5 f6 26. Nc6+ Kf7 27. Bxd6 Nxd6
28. Nfd4 Re8 29. Qxb3 1-0

[Event "4NCL Division 2a"]
[Site "Northampton, ENG"]
[Date "2017.02.12"]
[Round "6.17"]
[White "Payne, Matthew J"]
[Black "Rice, Chris B"]
[Result "1-0"]
[WhiteElo "2100"]
[BlackElo "2016"]
[PlyCount "61"]
[EventDate "2017.02.12"]
[WhiteTeam "Sussex Martlets 1"]
[BlackTeam "Barbican 4NCL Youth"]

1. e4 e6 2. d4 d5 3. Nc3 Nf6 4. Bg5 Be7 5. e5 Nfd7 6. h4 c5 7. Bxe7 Kxe7 8. Nf3
Qb6 9. Qd2 Nc6 10. O-O-O cxd4 11. Qg5+ Kf8 12. Nb5 f6 13. exf6 Nxf6 14. Nbxd4
Bd7 15. Ne5 Nxe5 16. Qxe5 Kf7 17. Bd3 a6 18. g4 Bb5 19. Rh3 Rhe8 20. Bxb5 axb5
21. Rb3 Rxa2 22. Rxb5 Qa6 23. f3 Ra4 24. Rc5 Ra1+ 25. Kd2 Rxd1+ 26. Kxd1 Qf1+
27. Kd2 Qf2+ 28. Kc3 Re7 29. Rc7 Rxc7+ 30. Qxc7+ Kg6 31. h5+ 1-0

[Event "4NCL Division 2a"]
[Site "Northampton, ENG"]
[Date "2017.02.12"]
[Round "6.18"]
[White "Keen, Cosima"]
[Black "Miller, Dominic"]
[Result "0-1"]
[WhiteElo "1867"]
[BlackElo "2031"]
[PlyCount "52"]
[EventDate "2017.02.12"]
[WhiteTeam "Barbican 4NCL Youth"]
[BlackTeam "Sussex Martlets 1"]

1. e4 e6 2. d4 d5 3. exd5 exd5 4. Bd3 c5 5. c3 Nc6 6. Nf3 Nf6 7. O-O cxd4 8.
Nxd4 Nxd4 9. cxd4 Be7 10. Nc3 O-O 11. Bg5 Be6 12. Re1 a6 13. a4 Rc8 14. Qb3 Bd6
15. Nd1 Bxh2+ 16. Kh1 Bb8 17. Qxb7 Qd6 18. g3 Nh5 19. Rg1 Bg4 20. Qb3 Rc6 21.
Kh2 f6 22. Bd2 Rb6 23. Qc2 f5 24. Ne3 Nf4 25. Nxg4 Qh6+ 26. Nxh6+ Rxh6# 0-1

[Event "4NCL Division 2a"]
[Site "Northampton, ENG"]
[Date "2017.02.12"]
[Round "6.21"]
[White "Buckley, David E"]
[Black "Birtwistle, Nigel"]
[Result "1/2-1/2"]
[WhiteElo "2274"]
[BlackElo "2142"]
[PlyCount "45"]
[EventDate "2017.02.12"]
[WhiteTeam "Downend & Fishponds"]
[BlackTeam "Grantham Sharks 2"]

1. d4 Nf6 2. c4 g6 3. Nc3 Bg7 4. e4 d6 5. f4 O-O 6. Nf3 e5 7. fxe5 dxe5 8. d5
Na6 9. Bd3 Nc5 10. Bc2 a5 11. O-O Bd7 12. Nxe5 Nfxe4 13. Nxe4 Bxe5 14. Bg5 f6
15. Bh4 Nxe4 16. Bxe4 Qe7 17. Qd3 Rae8 18. Rae1 b6 19. Bxg6 hxg6 20. Rxe5 Qxe5
21. Qxg6+ Kh8 22. Qh6+ Kg8 23. Qg6+ 1/2-1/2

[Event "4NCL Division 2a"]
[Site "Northampton, ENG"]
[Date "2017.02.12"]
[Round "6.22"]
[White "Cumbers, Paul"]
[Black "Russell, Christopher"]
[Result "1/2-1/2"]
[WhiteElo "2170"]
[BlackElo "2114"]
[PlyCount "92"]
[EventDate "2017.02.12"]
[WhiteTeam "Grantham Sharks 2"]
[BlackTeam "Downend & Fishponds"]

1. d4 e6 2. c4 f5 3. g3 Nf6 4. Bg2 Be7 5. Nf3 O-O 6. O-O d6 7. Nc3 a5 8. b3 Ne4
9. Bb2 Nxc3 10. Bxc3 Qe8 11. a3 Qh5 12. e3 Nd7 13. b4 a4 14. c5 Nf6 15. Nd2
Qxd1 16. Rfxd1 d5 17. b5 Bd7 18. Bf1 Be8 19. f3 g5 20. h3 h5 21. Bd3 g4 22.
fxg4 hxg4 23. h4 Rf7 24. Rab1 b6 25. Bb4 bxc5 26. Bxc5 Nd7 27. Bxe7 Rxe7 28.
Rdc1 Ra7 29. Rb2 Kf7 30. Nb1 Kf6 31. Nc3 Nb6 32. Na2 e5 33. dxe5+ Rxe5 34. Kf2
Nc4 35. Bxc4 dxc4 36. Nc3 Rb7 37. Rcb1 Rb6 38. Rb4 c6 39. bxc6 Rxc6 40. Rxa4
Rd6 41. Rxc4 Rd2+ 42. Ke1 Rg2 43. Rb6+ Kg7 44. e4 Rxg3 45. Kf2 Rf3+ 46. Kg2
fxe4 1/2-1/2

[Event "4NCL Division 2a"]
[Site "Northampton, ENG"]
[Date "2017.02.12"]
[Round "6.23"]
[White "Makepeace, Philip J"]
[Black "Varnam, Liam D"]
[Result "1/2-1/2"]
[WhiteElo "2073"]
[BlackElo "2104"]
[PlyCount "57"]
[EventDate "2017.02.12"]
[WhiteTeam "Downend & Fishponds"]
[BlackTeam "Grantham Sharks 2"]

1. Nf3 Nf6 2. c4 c5 3. Nc3 g6 4. e3 Bg7 5. d4 cxd4 6. exd4 O-O 7. Be2 d6 8. O-O
a6 9. h3 Nbd7 10. Be3 Qc7 11. Qd2 Rd8 12. Rac1 b6 13. b4 Bb7 14. d5 Rac8 15.
Na4 e5 16. Rfd1 Ne4 17. Qd3 f5 18. Ne1 Re8 19. f3 Ng3 20. c5 bxc5 21. bxc5 e4
22. fxe4 fxe4 23. Qd2 dxc5 24. Bg4 Nf5 25. Bxf5 gxf5 26. d6 Qc6 27. Nxc5 Nxc5
28. Rxc5 Qd7 29. Rdc1 1/2-1/2

[Event "4NCL Division 2a"]
[Site "Northampton, ENG"]
[Date "2017.02.12"]
[Round "6.24"]
[White "Tavares, Shawn P"]
[Black "Savory, Richard J"]
[Result "1/2-1/2"]
[WhiteElo "2138"]
[BlackElo "2096"]
[PlyCount "80"]
[EventDate "2017.02.12"]
[WhiteTeam "Grantham Sharks 2"]
[BlackTeam "Downend & Fishponds"]

1. c4 e5 2. Nc3 Nf6 3. Nf3 Nc6 4. g3 h6 5. Bg2 Bc5 6. O-O a6 7. a3 d6 8. b4 Ba7
9. Bb2 O-O 10. d3 Rb8 11. Rc1 Be6 12. e3 Ne7 13. Qe2 b5 14. Rfd1 Ng6 15. cxb5
axb5 16. d4 e4 17. Nd2 Bg4 18. f3 exf3 19. Nxf3 Qd7 20. Qf1 Rfe8 21. h3 Be6 22.
Kh2 Bc4 23. Qf2 c6 24. Nd2 Bd3 25. Nb3 Bf5 26. Na5 Ne7 27. e4 Bg6 28. Qf4 Rbc8
29. a4 bxa4 30. Nxa4 d5 31. Nc5 Qc7 32. e5 Nd7 33. Nab3 Nb6 34. Na6 Qd7 35. Rf1
Qf5 36. Qxf5 Nxf5 37. Na5 Ne3 38. Rfe1 Nec4 39. Bc3 Nxa5 40. bxa5 Nc4 1/2-1/2

[Event "4NCL Division 2a"]
[Site "Northampton, ENG"]
[Date "2017.02.12"]
[Round "6.25"]
[White "Meek, Stephen J"]
[Black "Kafka, Graeme"]
[Result "0-1"]
[WhiteElo "2024"]
[BlackElo "2030"]
[PlyCount "78"]
[EventDate "2017.02.12"]
[WhiteTeam "Downend & Fishponds"]
[BlackTeam "Grantham Sharks 2"]

1. e4 c5 2. c3 d5 3. exd5 Qxd5 4. d4 Nf6 5. Nf3 e6 6. Be3 cxd4 7. cxd4 Nc6 8.
Nc3 Qd6 9. a3 Be7 10. Bd3 O-O 11. O-O a6 12. Qe2 Bd7 13. Rad1 Rad8 14. Rfe1
Rfe8 15. Bb1 Qb8 16. Bg5 h6 17. Bh4 Ng4 18. Bg3 Bd6 19. Bxd6 Qxd6 20. Ne5 Nf6
21. Ne4 Nxe4 22. Qxe4 f5 23. Qe3 Nxe5 24. dxe5 Qe7 25. Ba2 Bc6 26. f4 Kh8 27.
h3 Be4 28. Kh2 Rxd1 29. Rxd1 Rc8 30. Rd2 Rc6 31. Qd4 Kh7 32. Bb3 Qc7 33. Ba2
Qe7 34. b4 Qh4 35. Qe3 Qe7 36. Qe1 Qc7 37. Bb1 Rc1 38. Rd1 Rxb1 39. Rxb1 Qc2
0-1

[Event "4NCL Division 2a"]
[Site "Northampton, ENG"]
[Date "2017.02.12"]
[Round "6.26"]
[White "Milson, Samuel A"]
[Black "Hosken, Nigel K"]
[Result "1-0"]
[WhiteElo "2092"]
[BlackElo "2098"]
[PlyCount "85"]
[EventDate "2017.02.12"]
[WhiteTeam "Grantham Sharks 2"]
[BlackTeam "Downend & Fishponds"]

1. e4 e6 2. d4 d5 3. e5 c5 4. c3 Qb6 5. Nf3 Nc6 6. a3 c4 7. Be2 Bd7 8. Nbd2 Na5
9. O-O Be7 10. Qc2 O-O-O 11. Rb1 Kb8 12. b3 cxb3 13. Nxb3 Nxb3 14. Rxb3 Ba4 15.
Rxb6 Bxc2 16. Rb2 Ba4 17. Ng5 Bxg5 18. Bxg5 Rd7 19. Rb4 Bc6 20. Rfb1 Ne7 21. a4
Rc8 22. a5 Ka8 23. Bc1 Rdc7 24. Ba3 Be8 25. R4b2 Bc6 26. Bd6 Rd7 27. g4 Ng6 28.
f3 f6 29. Kf2 fxe5 30. dxe5 Rf7 31. Ke3 Nf4 32. Bf1 d4+ 33. Kxd4 Bxf3 34. c4
Bc6 35. Rf2 g5 36. c5 Rg7 37. a6 Nd5 38. axb7+ Bxb7 39. Bb5 Rcg8 40. c6 Bc8 41.
c7 Bb7 42. Bc6 Nb6 43. Rxb6 1-0

[Event "4NCL Division 2a"]
[Site "Northampton, ENG"]
[Date "2017.02.12"]
[Round "6.27"]
[White "Humphreys, Jerry G"]
[Black "Batchelor, Guy J"]
[Result "1/2-1/2"]
[WhiteElo "2012"]
[BlackElo "1946"]
[PlyCount "87"]
[EventDate "2017.02.12"]
[WhiteTeam "Downend & Fishponds"]
[BlackTeam "Grantham Sharks 2"]

1. c4 Nf6 2. Nc3 e6 3. g3 d5 4. d4 Bb4 5. Qb3 Bxc3+ 6. bxc3 O-O 7. Nf3 dxc4 8.
Qxc4 b6 9. Bg2 Bb7 10. O-O Nbd7 11. Re1 Re8 12. Bb2 c5 13. Nd2 Bxg2 14. Kxg2
Rc8 15. Qd3 Qc7 16. Rab1 Qc6+ 17. e4 cxd4 18. cxd4 Qa4 19. Bc3 Red8 20. Rec1
Qc6 21. Qe2 Qb7 22. f3 Nf8 23. Nc4 Ng6 24. Kf2 Qd7 25. Ne3 h5 26. d5 Ne8 27.
Qb2 exd5 28. Nxd5 Qh3 29. Kg1 h4 30. Qg2 Qe6 31. Qf2 f5 32. exf5 Qxf5 33. Ne3
Qd3 34. Bb2 Rxc1+ 35. Rxc1 Qd2 36. Rc2 Qxf2+ 37. Kxf2 hxg3+ 38. hxg3 Kf7 39.
Ke2 Ne7 40. Rc4 g6 41. Rf4+ Kg8 42. Rh4 Kf7 43. Nc4 Nc6 44. Ne5+ 1/2-1/2

[Event "4NCL Division 2a"]
[Site "Northampton, ENG"]
[Date "2017.02.12"]
[Round "6.28"]
[White "Munshi, Aditya"]
[Black "French, Max"]
[Result "1-0"]
[WhiteElo "1803"]
[BlackElo "1930"]
[PlyCount "89"]
[EventDate "2017.02.12"]
[WhiteTeam "Grantham Sharks 2"]
[BlackTeam "Downend & Fishponds"]

1. e4 c6 2. d4 d5 3. Nd2 dxe4 4. Nxe4 Bf5 5. Ng3 Bg6 6. h4 h6 7. Nf3 Nd7 8. h5
Bh7 9. Bd3 Bxd3 10. Qxd3 e6 11. Bd2 Ngf6 12. O-O-O Be7 13. Kb1 O-O 14. Ne4 Nxe4
15. Qxe4 Nf6 16. Qe2 Qd5 17. Be3 Qb5 18. c4 Qf5+ 19. Ka1 c5 20. dxc5 e5 21. g4
Nxg4 22. Rdg1 Nxe3 23. Qxe3 e4 24. Qxh6 Bf6 25. Nh2 Qxf2 26. Qc1 Qxc5 27. Ng4
Bg5 28. Qc3 f5 29. h6 Rf7 30. h7+ Kh8 31. Ne5 Rf6 32. Rxg5 Qd6 33. Rhg1 Rd8 34.
a3 Qe6 35. Ka2 Re8 36. Ng6+ Kxh7 37. Rh5+ Kg8 38. Rh8+ Kf7 39. Rxe8 Kxe8 40.
Nf4 Qd6 41. Rxg7 Rf7 42. Nh5 Qh6 43. Qe5+ Kf8 44. Qb8+ Ke7 45. Qxb7+ 1-0

[Event "4NCL Division 2a"]
[Site "Northampton, ENG"]
[Date "2017.02.12"]
[Round "6.31"]
[White "Jogstad, Martin"]
[Black "Richardson, John R"]
[Result "1-0"]
[WhiteElo "2294"]
[BlackElo "2282"]
[PlyCount "116"]
[EventDate "2017.02.12"]
[WhiteTeam "CSC Dragons"]
[BlackTeam "The ADs"]

1. d4 Nf6 2. c4 e6 3. g3 d5 4. Nf3 Be7 5. Bg2 O-O 6. O-O b6 7. cxd5 exd5 8. Nc3
Bb7 9. Ne5 Nbd7 10. Qa4 Nb8 11. Rd1 a6 12. Bg5 Ne4 13. Bxe7 Qxe7 14. Rac1 c5
15. Nxe4 dxe4 16. Qc2 e3 17. Bxb7 exf2+ 18. Kxf2 Qxb7 19. dxc5 bxc5 20. b3 Nc6
21. Qe4 Qe7 22. Qxc6 Qxe5 23. Rxc5 Qb2 24. Rc2 Qe5 25. Rd5 Qa1 26. Kg2 Rfe8 27.
Rcd2 g6 28. Rd7 Rac8 29. Qd5 Rf8 30. e4 Rc1 31. Rf2 Rg1+ 32. Kh3 Qg7 33. Qg5
Qc3 34. Qf6 Qc8 35. Rfd2 Qc5 36. e5 Qe3 37. Qf4 Qb6 38. R2d6 Qa5 39. Qf6 Qxa2
40. Qf3 Qa5 41. Re7 Re1 42. Qf6 Qb4 43. Rd8 Qxb3 44. Ree8 Qb4 45. Rxf8+ Qxf8
46. Rxf8+ Kxf8 47. Qd8+ Kg7 48. Qd4 Kg8 49. Kg4 Rf1 50. Qc4 Rf5 51. e6 fxe6 52.
Qxe6+ Kg7 53. Qxa6 h5+ 54. Kh4 Rf7 55. Qe6 Rf5 56. Qxf5 gxf5 57. Kg5 h4 58.
Kxf5 hxg3 1-0

[Event "4NCL Division 2a"]
[Site "Northampton, ENG"]
[Date "2017.02.12"]
[Round "6.32"]
[White "Wheeler, Darren P"]
[Black "Frostick, Clive A"]
[Result "1/2-1/2"]
[WhiteElo "2260"]
[BlackElo "2184"]
[PlyCount "53"]
[EventDate "2017.02.12"]
[WhiteTeam "The ADs"]
[BlackTeam "CSC Dragons"]

1. e4 c5 2. f4 d5 3. Nc3 dxe4 4. Nxe4 e6 5. Nf3 Nf6 6. Nf2 Qc7 7. g3 b6 8. Bg2
Bb7 9. O-O Be7 10. b3 O-O 11. Bb2 Nc6 12. Nd3 Rad8 13. Nde5 Nd4 14. c3 Nxf3+
15. Bxf3 Ne4 16. d3 Nd6 17. Qe2 Bf6 18. Ng4 Be7 19. Rad1 Nf5 20. Be4 Nd6 21.
Bg2 Bxg2 22. Kxg2 Qb7+ 23. Qf3 Qxf3+ 24. Kxf3 Nf5 25. Ke2 f6 26. Ne3 Nxe3 27.
Kxe3 1/2-1/2

[Event "4NCL Division 2a"]
[Site "Northampton, ENG"]
[Date "2017.02.12"]
[Round "6.33"]
[White "Thompson, Ian D"]
[Black "Snape, Ian L"]
[Result "1/2-1/2"]
[WhiteElo "2177"]
[BlackElo "2282"]
[PlyCount "78"]
[EventDate "2017.02.12"]
[WhiteTeam "CSC Dragons"]
[BlackTeam "The ADs"]

1. c4 Nf6 2. g3 g6 3. Bg2 Bg7 4. Nc3 O-O 5. d3 d6 6. Bg5 h6 7. Bd2 c6 8. e4 e5
9. Nge2 Be6 10. O-O Qd7 11. f4 Na6 12. b3 Ne8 13. Be3 Nf6 14. Kh1 Ng4 15. Bg1
f5 16. d4 exd4 17. Bxd4 fxe4 18. Bxe4 Bf5 19. Bxg7 Kxg7 20. Qd4+ Kh7 21. Bxf5
gxf5 22. h3 c5 23. Qd2 Nf6 24. Rad1 Rad8 25. Kh2 Nb4 26. a3 Nc6 27. Rf3 Qf7 28.
Rd3 Qh5 29. Kg2 Rfe8 30. Re3 a6 31. Re1 Rxe3 32. Qxe3 Re8 33. Qd2 Re6 34. Ng1
Qe8 35. Rxe6 Qxe6 36. Nf3 Kg7 37. Nd5 Ne4 38. Qb2+ Kh7 39. Kh2 Ne7 1/2-1/2

[Event "4NCL Division 2a"]
[Site "Northampton, ENG"]
[Date "2017.02.12"]
[Round "6.34"]
[White "Rich, Mark C"]
[Black "Farrand, Tom"]
[Result "0-1"]
[WhiteElo "2185"]
[BlackElo "2156"]
[PlyCount "76"]
[EventDate "2017.02.12"]
[WhiteTeam "The ADs"]
[BlackTeam "CSC Dragons"]

1. e4 c5 2. Nc3 e6 3. f4 Nc6 4. Nf3 a6 5. g3 d5 6. d3 d4 7. Ne2 b5 8. Bg2 Qb6
9. a4 Bb7 10. axb5 axb5 11. Rxa8+ Bxa8 12. g4 h6 13. Ng3 Nf6 14. h3 c4 15. O-O
Bc5 16. g5 hxg5 17. fxg5 Nd7 18. Bf4 Bb7 19. h4 b4 20. Bh3 Ne7 21. h5 b3 22.
cxb3 cxd3 23. Nd2 Bb4 24. Nc4 Qc6 25. Bg2 Nf5 26. Qxd3 Ne3 27. Bxe3 dxe3 28.
Rd1 e2 29. Nxe2 Rxh5 30. g6 fxg6 31. Kf1 Rf5+ 32. Kg1 Bc5+ 33. Kh2 Qc7+ 34.
Nd6+ Bxd6+ 35. Qxd6 Qxd6+ 36. Rxd6 Rf2 37. Nd4 e5 38. Kg3 Rxb2 0-1

[Event "4NCL Division 2a"]
[Site "Northampton, ENG"]
[Date "2017.02.12"]
[Round "6.35"]
[White "Coates, Kenneth G"]
[Black "Anderton, David W"]
[Result "0-1"]
[WhiteElo "2132"]
[BlackElo "2125"]
[PlyCount "102"]
[EventDate "2017.02.12"]
[WhiteTeam "CSC Dragons"]
[BlackTeam "The ADs"]

1. e4 e6 2. d4 d5 3. exd5 exd5 4. Bd3 Bd6 5. Qf3 Nc6 6. c3 Be6 7. Ne2 Qd7 8.
Bf4 Nf6 9. Bxd6 Qxd6 10. Nd2 O-O 11. O-O Rae8 12. Rfe1 Ne7 13. Qg3 Qb6 14. b4
Bf5 15. Nf4 Bxd3 16. Nxd3 Nf5 17. Qf3 Nd6 18. Nc5 Qc6 19. a4 b6 20. b5 Qa8 21.
Na6 Qd8 22. Qd3 Nfe4 23. f3 Nxd2 24. Qxd2 Qd7 25. Nb4 Nf5 26. Qf4 Re6 27. Re5
Rxe5 28. Qxe5 Re8 29. Qxd5 Qe7 30. Qe4 Qxe4 31. fxe4 Rxe4 32. Kf2 Rf4+ 33. Ke2
Ne7 34. Re1 Re4+ 35. Kd2 Rxe1 36. Kxe1 Kf8 37. Na6 c6 38. Nc7 Nd5 39. Nxd5 cxd5
40. Ke2 Ke7 41. Kf3 Ke6 42. Kf4 f6 43. h4 g6 44. g4 h6 45. Kf3 g5 46. Kg3 f5
47. h5 fxg4 48. Kxg4 Kf6 49. Kg3 Kf5 50. Kf3 g4+ 51. Ke3 Kg5 0-1

[Event "4NCL Division 2a"]
[Site "Northampton, ENG"]
[Date "2017.02.12"]
[Round "6.36"]
[White "Bailey, Kevin J"]
[Black "Purdon, Colin"]
[Result "1/2-1/2"]
[WhiteElo "2095"]
[BlackElo "2054"]
[PlyCount "40"]
[EventDate "2017.02.12"]
[WhiteTeam "The ADs"]
[BlackTeam "CSC Dragons"]

1. d4 d5 2. Bf4 Nf6 3. e3 Bf5 4. c4 c6 5. Nc3 e6 6. Qb3 Qb6 7. c5 Qxb3 8. axb3
Nbd7 9. b4 Nh5 10. Bc7 Be7 11. h3 Nhf6 12. b5 cxb5 13. Nxb5 O-O 14. Nf3 Ne4 15.
Be2 Rfc8 16. Bh2 a6 17. Nc3 Nxc3 18. bxc3 b6 19. O-O bxc5 20. Bxa6 Rf8 1/2-1/2

[Event "4NCL Division 2a"]
[Site "Northampton, ENG"]
[Date "2017.02.12"]
[Round "6.37"]
[White "Ismailov, Roman"]
[Black "Ahluwalia, Amardip"]
[Result "1/2-1/2"]
[WhiteElo "2026"]
[BlackElo "2065"]
[PlyCount "55"]
[EventDate "2017.02.12"]
[WhiteTeam "CSC Dragons"]
[BlackTeam "The ADs"]

1. d4 Nf6 2. Nf3 d5 3. c4 e6 4. Nc3 Be7 5. Bg5 O-O 6. e3 Nbd7 7. Rc1 a6 8. c5
c6 9. b4 b6 10. Bd3 a5 11. a3 axb4 12. axb4 bxc5 13. bxc5 Ba6 14. O-O Ne4 15.
Bxe7 Qxe7 16. Nxe4 dxe4 17. Bxa6 Rxa6 18. Nd2 f5 19. Ra1 Rxa1 20. Qxa1 e5 21.
Nc4 exd4 22. exd4 Qe6 23. Nd6 Nf6 24. Qa4 Qd5 25. Rb1 f4 26. Qc4 Qxc4 27. Nxc4
Rd8 28. Nd6 1/2-1/2

[Event "4NCL Division 2a"]
[Site "Northampton, ENG"]
[Date "2017.02.12"]
[Round "6.38"]
[White "Walsh, Marcus"]
[Black "Richardson, Keith B"]
[Result "1/2-1/2"]
[WhiteElo "1997"]
[BlackElo "1999"]
[PlyCount "63"]
[EventDate "2017.02.12"]
[WhiteTeam "The ADs"]
[BlackTeam "CSC Dragons"]

1. e4 g6 2. d4 Bg7 3. Nc3 d6 4. Bg5 Nd7 5. Qd2 c5 6. Nf3 a6 7. a4 Ngf6 8. Be2
h6 9. Be3 Ng4 10. O-O Nxe3 11. Qxe3 cxd4 12. Nxd4 O-O 13. Rfd1 Ne5 14. h3 Nc6
15. Nxc6 bxc6 16. Bc4 Qa5 17. Rd3 Kh7 18. Bb3 Be6 19. Rad1 Bxb3 20. cxb3 Rab8
21. Qa7 Bf6 22. e5 Bxe5 23. Qxe7 Qd8 24. Qxd8 Rfxd8 25. Ne4 d5 26. Nc5 a5 27.
R1d2 Kg7 28. g3 Bd6 29. Ne4 dxe4 30. Rxd6 Rxd6 31. Rxd6 Rxb3 32. Rxc6 1/2-1/2

[Event "4NCL Division 2a"]
[Site "Northampton, ENG"]
[Date "2017.02.12"]
[Round "6.41"]
[White "Paterson, Andrew I"]
[Black "Bullen, Alex"]
[Result "1-0"]
[WhiteElo "2125"]
[BlackElo "2098"]
[PlyCount "67"]
[EventDate "2017.02.12"]
[WhiteTeam "Warwickshire Select 2"]
[BlackTeam "West is Best 1"]

1. e4 c6 2. Nc3 d5 3. Nf3 Bg4 4. h3 Bxf3 5. Qxf3 e6 6. Be2 d4 7. Nd1 Nd7 8. Qg3
Ngf6 9. d3 Qb6 10. f4 O-O-O 11. O-O Be7 12. Bf3 g6 13. b3 h5 14. Nb2 h4 15. Qf2
Nh5 16. Nc4 Qc7 17. Bxh5 Rxh5 18. a4 f6 19. Bd2 Rg8 20. b4 e5 21. b5 c5 22.
Rfb1 Qd8 23. a5 g5 24. fxg5 fxg5 25. Qf7 Rgh8 26. Qd5 Nf6 27. Qxe5 g4 28. hxg4
h3 29. Bf4 Nd7 30. Qe6 hxg2 31. Nb6+ axb6 32. axb6 Rh1+ 33. Kxg2 Rxb1 34. Ra8#
1-0

[Event "4NCL Division 2a"]
[Site "Northampton, ENG"]
[Date "2017.02.12"]
[Round "6.42"]
[White "Edgell, Ben P"]
[Black "Cooper, David M"]
[Result "1-0"]
[WhiteElo "2120"]
[BlackElo "2051"]
[PlyCount "77"]
[EventDate "2017.02.12"]
[WhiteTeam "West is Best 1"]
[BlackTeam "Warwickshire Select 2"]

1. Nf3 d5 2. c4 c6 3. Qc2 Nf6 4. g3 g6 5. Bg2 Bg7 6. O-O O-O 7. d4 Bf5 8. Qa4
Nbd7 9. cxd5 cxd5 10. Nc3 a6 11. Qb3 Qb6 12. Nxd5 Nxd5 13. Qxd5 Be6 14. Qg5 Nf6
15. Qh4 Bd5 16. Re1 Be4 17. Bg5 Qe6 18. Bh3 Bf5 19. Bxf5 Qxf5 20. Qf4 Nd5 21.
Qxf5 gxf5 22. Rac1 Rac8 23. Rxc8 Rxc8 24. Rc1 Rxc1+ 25. Bxc1 Kf8 26. Bd2 e6 27.
e3 Ke7 28. Kf1 f6 29. Ke2 Kd6 30. Nh4 Kc6 31. h3 Bf8 32. g4 fxg4 33. hxg4 Bd6
34. Ng2 Ne7 35. e4 Ng6 36. f4 b5 37. f5 exf5 38. gxf5 Ne7 39. Bh6 1-0

[Event "4NCL Division 2a"]
[Site "Northampton, ENG"]
[Date "2017.02.12"]
[Round "6.43"]
[White "Page, Mark E"]
[Black "Martin, Peter"]
[Result "1/2-1/2"]
[WhiteElo "2117"]
[BlackElo "2082"]
[PlyCount "84"]
[EventDate "2017.02.12"]
[WhiteTeam "Warwickshire Select 2"]
[BlackTeam "West is Best 1"]

1. e4 c5 2. Nc3 g6 3. f4 Bg7 4. Nf3 Nc6 5. Bb5 d6 6. O-O Bg4 7. Bxc6+ bxc6 8.
d3 e6 9. Qe1 Bxf3 10. Rxf3 Ne7 11. f5 Bd4+ 12. Kh1 Qd7 13. Bh6 Ng8 14. Bd2 Ne7
15. fxe6 Qxe6 16. Qh4 Rb8 17. Rb1 h6 18. b3 g5 19. Qe1 Ng6 20. Ne2 Bg7 21. Ng3
Nh4 22. Rf1 Be5 23. Nf5 Nxf5 24. Rxf5 f6 25. c3 d5 26. d4 cxd4 27. cxd4 Bxd4
28. exd5 Qxe1+ 29. Rxe1+ Kd7 30. dxc6+ Kxc6 31. Be3 Be5 32. Rf2 Kb7 33. Rd2
Rhd8 34. Red1 Rxd2 35. Rxd2 Rc8 36. g3 h5 37. Kg2 a6 38. Kf3 Re8 39. Rd7+ Kc6
40. Rh7 g4+ 41. Kf2 Kd5 42. Rxh5 Rc8 1/2-1/2